000 02153nam a2200145 4500
008 860 SA179m
020 _a9789500519090
082 _a860
_bSA179m
100 _aSalto, Graciela (edición)
_96953
245 _aMemorias del silencio:
_bliteraturas en el caribe y en Centroamérica
260 _aBuenos Aires
_bCorregidor
_c2010
300 _a352 p.
_c20 x 14 cm
505 _tPrólogo. Memorias del silencio
_rGraciela Salto
_tTRADUCCIONES Y DIFRACCIONES EN EL CARIBE
_tEl lenguaje-nación y la poética del acriollamiento. Una conversación entre Kamau Brathwaite y Edouard Glissant
_rIneke Phaf-Rheinberger (ed.)
_rCarolina Benavente Morales (traducción y notas)
_tTraducir el espacio criollo: sobre el diálogo Kamau Brathwait / Edouard Glissant editado por Ineke Phaf-Rheinberger y la experiencia de llevarlo al español
_rCarolina Benavente Morales
_tLa creación literaria de Aimé Césaire en la década de 1960. Una aproximación a su teatro
_rIrmtrud König
_tJamaica Kincaid y la literatura caribeña anglófona actual: el microrrelato como crítica
_rMaría Alejandra Olivares
_tCUBA: LAS FICCIONES DE LA TRADICION
_tLa 'suave risa' cubana en la crítica cultural: del choteo al camp
_rGraciela Salto
_tImágenes de la patria en el romancero cubano (1830 - 1880)
_rGraciela Salto
_tEl rol cívico femenino den De Cabo Haitiano a Dos Ríos
_rAriela Schnirmajer
_tLa transgresión del ensayo: Ella escribía poscrítica de Margarita Mateo Palmer
_rMaría Virginia González
_tNuevas versiones de La Habana. La invención de la ciudad según Abilio Estévez
_rMaría Fernanda Pampín
_tCENTROAMERICA: REPERTORIOS, ARCHIVOS Y DESVIOS
_tEntre paredes, legisladores y desaforados. Las guerras y la nación en narrativas venezolanas del siglo XX
_rMónica Marinone
_tSergio Ramírez: ruptura y construcción del archivo
_rDiana Moro
_tAugusto Monterroso. Desplazamiento, tradición y transgresión
_rMaría Teresa Sánchez
_tEscritura de la violencia. La narrativa de Horacio Castellanos Moya
_rMaría del Pilar Vila
_tNoticias sobre las autoras
650 _xliteratura
_xliteratura caribeña
_xliteratura - historia y crítica
_xAmérica Central
_96954
999 _c1746
_d1746